000 00350nam a22001577a 4500
003 MPLRDC
005 20220104114128.0
008 210129b ||||| |||| 00| 0 eng d
082 _a782.878 HYJ
100 _a不详
245 _a霍元甲传
_c
260 _a
_b大台北出版社
_c1986
300 _b
650 _a
942 _cBK
_o782.878 HYJ
999 _c5036
_d5026